Normal view
MARC view
- Garrison, Ray H
Entry Personal Name
001 - CONTROL NUMBER
- control field: 3532
003 - CONTROL NUMBER IDENTIFIER
- control field: JO-AjAnu
005 - DATE AND TIME OF LATEST TRANSACTION
- control field: 20230606070900.0
008 - FIXED-LENGTH DATA ELEMENTS
- fixed length control field: 230606|| aca||aabn | a|a d
040 ## - CATALOGING SOURCE
- Original cataloging agency: JO-AjAnu
- Transcribing agency: JO-AjAnu
100 ## - HEADING--PERSONAL NAME
- Personal name: Garrison, Ray H
670 ## - SOURCE DATA FOUND
- Source citation: Work cat.: (JO-AjAnu)1844: Garrison, Ray H, author, Managerial Accounting : Concepts for Planning, Control, Decision Making